Countries with Children Underweight (%) - Statistics

General Stats
  • This quiz has been taken 26 times
  • The average score is 12 of 20
Answer Stats
Percent Answer % Correct
31.4 Niger
82%
33.5 Sudan
82%
36.3 India
77%
31.5 Nigeria
77%
29.4 Chad
73%
29.1 South Sudan
73%
39.9 Yemen
68%
32.8 Bangladesh
64%
24.6 Central African Republic
64%
25 Mali
64%
25 Afghanistan
59%
27.2 Nepal
59%
39.4 Eritrea
55%
29.9 Djibouti
50%
24.9 Mauritania
50%
29.3 Burundi
45%
26.9 Laos
45%
32.9 Madagascar
41%
37.5 East Timor
36%
27.8 Papua New Guinea
36%
No matching quizzes found
Score Distribution
Percent of People with Each Score
Percentile by Number Answered
Your Score History
You have not taken this quiz